00434 2200169 4500245006600000020001600066250001100082100002100093650001800114650002400132005001900156260003500175041001400210084001000224300002100234336000900255 a21 Resep Cake dan Roti Kukus IstimewacDanny S. TamtomohText a979-23-6481 aCet. 1 aDanny S. Tamtomo aResep Makanan aResep Cake dan Roti a20241018143650 aJakartabKompas Gramediac2015 aIndonesia a641.5 a47 hlm. :cilus. atext